000
00299nam a2200109Ia 4500
008
200302s9999 xx 000 0 und d
100
_a
Barbara B. Buchholz & other
245
_a
Apartment Living New Designs for Urban Living
260
_b
Rockport Publishers Inc.,
260
_c
2000
300
_a
142 P.,
999
_c
1755
_d
1755